000 00298nam a22001337a 4500
082 _a823
_bCOO/M
100 _aCOOPER, ELIZABETH K
245 _aMORTIMER FROG
260 _bHARCOURT BRACE JOVANOVICH
300 _a70
520 _aENGLISH SHORT STORY
650 _aENGLISH SHORT STORY
942 _cBK
999 _c5414
_d5414